logo

Bir Sreshtho Munshi Abdur Rouf Library
Jhenaidah Cadet College

Heart Of Darkness and the Secret Sharer : (Record no. 10498)

MARC details
000 -LEADER
fixed length control field 00665nam a2200241 a 4500
001 - CONTROL NUMBER
JCCL Control Number 10498
003 - CONTROL NUMBER IDENTIFIER
JCCL marc code BD-JhCC
005 - DATE AND TIME OF LATEST TRANSACTION
control field 20180430174458.0
008 - FIXED-LENGTH DATA ELEMENTS--GENERAL INFORMATION
fixed length control field 180430s1965 xxu |||| |||| 000 0 eng d
020 ## - INTERNATIONAL STANDARD BOOK NUMBER
International Standard Book Number 822005875
035 ## - SYSTEM CONTROL NUMBER
system control number (BD-JhCC)141098
040 ## - CATALOGING SOURCE
Original cataloging agency BD-JhCC
Modifying agency BD-JhCC
041 ## - LANGUAGE CODE
Language code of Book eng
082 ## - DEWEY DECIMAL CLASSIFICATION NUMBER
Classification number 823.912
Author mark and Year ROB 1965
100 ## - MAIN ENTRY--PERSONAL NAME
Personal name Roberts, James L.
245 ## - TITLE STATEMENT
Title Heart Of Darkness and the Secret Sharer :
Remainder of title Notes /
Statement of responsibility, etc James L. Roberts,
260 ## - PUBLICATION, DISTRIBUTION, ETC. (IMPRINT)
Place of publication, distribution, etc Lincoln :
Name of publisher, distributor, etc Cliff's Notes,
Date of publication, distribution, etc 1965
300 ## - PHYSICAL DESCRIPTION
Pagination 72 P. :
Dimensions 21 cm.
600 ## - SUBJECT ADDED ENTRY--PERSONAL NAME
Personal name Heart of darkness (Conrad, Joseph)
650 ## - SUBJECT ADDED ENTRY--TOPICAL TERM
Topical term or geographic name as entry element Psychological fiction, English
942 ## - ADDED ENTRY ELEMENTS (KOHA)
Source of classification or shelving scheme Dewey Decimal Classification
Koha item type Books
Holdings
Source of classification or shelving scheme Damaged status Not for loan Home library Current library Shelving location Date of accession Cost, normal purchase price Total Checkouts Full call number Barcode Date last seen Copy number Koha item type
Dewey Decimal Classification     JCC Rouf Library JCC Rouf Library General Stacks 04/30/2018 1.00   823.912 ROB 1965 14102 04/30/2018 C-1 Books

JCC Library | Contacts | JCC Home

Last Update on 23 September 2017
Copyright @ 2017-2020 JCC Rouf Library
Rouf Library, Jhenidah Cadet College (JCC), Bangladesh